<?xml version="1.0" encoding="UTF-8"?>
<record
    xmlns:xsi="http://www.w3.org/2001/XMLSchema-instance"
    xsi:schemaLocation="http://www.loc.gov/MARC21/slim http://www.loc.gov/standards/marcxml/schema/MARC21slim.xsd"
    xmlns="http://www.loc.gov/MARC21/slim">

  <leader>01093nam a2200277 i 4500</leader>
  <controlfield tag="001">bg</controlfield>
  <datafield tag="100" ind1="1" ind2=" ">
    <subfield code="a">DOBRY, Marian Witalis</subfield>
  </datafield>
  <datafield tag="245" ind1="1" ind2="0">
    <subfield code="a">Optymalizacja przep&#x142;ywu energii w systemie cz&#x142;owiek - narz&#x119;dzie - pod&#x142;o&#x17C;e (CNP) /</subfield>
    <subfield code="c">Marian Witalis Dobry.</subfield>
  </datafield>
  <datafield tag="260" ind1=" " ind2=" ">
    <subfield code="a">Pozna&#x144; :</subfield>
    <subfield code="b">Wydaw. PP,</subfield>
    <subfield code="c">1998.</subfield>
  </datafield>
  <datafield tag="300" ind1=" " ind2=" ">
    <subfield code="a">128 s. :</subfield>
    <subfield code="b">rys., wykr. ;</subfield>
    <subfield code="c">24 cm.</subfield>
  </datafield>
  <datafield tag="490" ind1="1" ind2=" ">
    <subfield code="a">Rozprawy / Politechnika Pozna&#x144;ska,</subfield>
    <subfield code="x">0551-6528 ;</subfield>
    <subfield code="v">Nr 330</subfield>
  </datafield>
  <datafield tag="504" ind1=" " ind2=" ">
    <subfield code="a">Bibliogr., wykaz norm i patent&#xF3;w s. 118-128. - Streszcz., summ.</subfield>
  </datafield>
  <datafield tag="650" ind1=" " ind2="9">
    <subfield code="a">Drgania</subfield>
    <subfield code="x">zapobieganie</subfield>
  </datafield>
  <datafield tag="650" ind1=" " ind2="9">
    <subfield code="a">Ha&#x142;as</subfield>
    <subfield code="x">zapobieganie i zwalczanie</subfield>
    <subfield code="x">metody</subfield>
  </datafield>
  <datafield tag="650" ind1=" " ind2="9">
    <subfield code="a">Optymalizacja</subfield>
    <subfield code="x">zagadnienia</subfield>
  </datafield>
  <datafield tag="650" ind1=" " ind2="9">
    <subfield code="a">Narz&#x119;dzia</subfield>
    <subfield code="x">bezpiecze&#x144;stwo i higiena pracy</subfield>
  </datafield>
  <datafield tag="650" ind1=" " ind2="9">
    <subfield code="a">Teoria system&#xF3;w</subfield>
    <subfield code="x">stosowanie</subfield>
    <subfield code="x">bezpiecze&#x144;stwo i higiena pracy</subfield>
  </datafield>
  <datafield tag="650" ind1=" " ind2="9">
    <subfield code="a">Termodynamika</subfield>
    <subfield code="x">zagadnienia</subfield>
  </datafield>
  <datafield tag="710" ind1=" " ind2="0">
    <subfield code="a">POLITECHNIKA POZNA&#x143;SKA (Pozna&#x144;)</subfield>
  </datafield>
  <datafield tag="830" ind1=" " ind2="0">
    <subfield code="a">Rozprawy (Politechnika Pozna&#x144;ska) ;</subfield>
    <subfield code="v">Nr 330</subfield>
  </datafield>
  <datafield tag="040" ind1=" " ind2=" ">
    <subfield code="c">BPK</subfield>
  </datafield>
  <datafield tag="041" ind1="0" ind2=" ">
    <subfield code="a">pl</subfield>
    <subfield code="b">enpl</subfield>
  </datafield>
  <datafield tag="080" ind1=" " ind2=" ">
    <subfield code="a">^2-1/-8:534.8:628.517.2:331.45/.46:536.7:519.87</subfield>
  </datafield>
  <datafield tag="942" ind1=" " ind2=" ">
    <subfield code="c">KS</subfield>
  </datafield>
  <controlfield tag="008">      s        pl     f     |000 0 pol  </controlfield>
  <datafield tag="999" ind1=" " ind2=" ">
    <subfield code="c">32909</subfield>
    <subfield code="d">32909</subfield>
  </datafield>
  <datafield tag="856" ind1=" " ind2=" ">
    <subfield code="u">http://koha.tu.koszalin.pl/cgi-bin/koha/opac-detail.pl?biblionumber=32909</subfield>
    <subfield code="y">Katalog online BPK</subfield>
  </datafield>
  <datafield tag="952" ind1=" " ind2=" ">
    <subfield code="0">0</subfield>
    <subfield code="1">0</subfield>
    <subfield code="4">0</subfield>
    <subfield code="7">0</subfield>
    <subfield code="a">BPK</subfield>
    <subfield code="b">BPK</subfield>
    <subfield code="c">w</subfield>
    <subfield code="o">42551</subfield>
    <subfield code="p">01317244</subfield>
    <subfield code="y">KS</subfield>
  </datafield>
</record>
